| 000 | 00570nam a22001937a 4500 | ||
|---|---|---|---|
| 003 | OSt | ||
| 005 | 20170306164600.0 | ||
| 008 | 170306b xxu||||| |||| 00| 0 eng d | ||
| 020 | _a0070106967 | ||
| 040 | _c040a | ||
| 082 |
_aWY 16 _bN937 1983 |
||
| 245 |
_aThe nursing profession : _ba time to speak / _cNorma L Chaska |
||
| 260 |
_aNew York _bMcGraw-Hill Book Company _c1983 |
||
| 300 |
_axxx,914p; _c15 cm. |
||
| 504 | _aIncludes bibliographical references and index | ||
| 650 |
_aNursing profession _911783 |
||
| 700 |
_a L Chaska, Norma _911784 |
||
| 942 |
_2z _cO_SHELF |
||
| 999 |
_c5652 _d5652 |
||